000 00443nam a2200133Ia 4500
008 191206s9999 xx 000 0 und d
020 _a256022747
090 _aHD31.189
245 0 _aManaging for performance
260 _aBusiness Publications
260 _cc1980
300 _a"xviii, 563 p. : ill. ; 25 cm."
999 _c16428
_d16428